| 000 | 00687nam a22001937a 4500 | ||
|---|---|---|---|
| 005 | 20100508114410.0 | ||
| 008 | 100508t xxu||||| |||| 00| 0 eng d | ||
| 010 | _aB-368645 | ||
| 020 | _c595.00 | ||
| 035 | _aB-368645 | ||
| 037 | _bPansy Books | ||
| 040 |
_adpl _bEnglish |
||
| 245 | _aThe illustrated guide to shrubs, trees and climbers | ||
| 260 |
_bHermes House _aLondon |
||
| 300 |
_ap. _ccm. |
||
| 942 |
_2ddc _cEN _mILL |
||
| 999 |
_c35825 _d35825 |
||